000 00694cab a2200229 4500
001 X2998
008 090401t1995 xxu||||| |||| 00| 0 eng d
035 _a(Sirsi) u27830
041 _aeng
245 _aEastern Europe threatens CAP
260 _c1995
350 _a0
490 _aCSM (Chartered Surveyor Monthly)
_v5(2) October 1995, 11(1)
520 _aSummarises the problems faced by the EC from central and eastern European countries, such as cereal surpluses, quota and set-aside dilemmas.
650 _aCEREALS
650 _aCOMMON AGRIGULTURAL POLICY
650 _aEASTERN EUROPE
650 _aMILK QUOTA
690 _aRURAL PRACTICE
942 _n0
948 _c04/03/1997
999 _c18756
_d18756